00362 a2200109 4500001001000000005001700010008004100027245004600068100002400114700001800138773009600156ART_1010320260410161612.0260409a 10aConvertir la incertidumbre en oportunidad1 aCoatsworth, John H.1 aAustin, James0 tHarvard Business Reviewg¿Quién fija la estrategia? - Vol. 85, Nº 2 (feb. 2007)wREV340